000
00245nam a2200109Ia 4500
008
190216s9999||||xx |||||||||||||| ||und||
100
_a
Parappurath
245
0
_a
Ara Nazhiga Neeram
260
_b
Nbs Kottayam
650
_a
Malayalam
942
_c
BK
999
_c
24764
_d
24764